000
00258nam a22001097a 4500
082
_a
620.112 BLA'S
100
_a
BLACK, P
_9
80201
245
_a
STRENGTH OF MATERIALS A COURSE FOR STUDENTS
260
_a
OXFORD
_b
PERGMAN
_c
1966
300
_a
454P
942
_c
BK
999
_c
585162
_d
585162